SAT Words HARD Click Quiz - S #10 - Daily Word Quiz! - Statistics

General Stats
  • This quiz has been taken 169 times
  • The average score is 10 of 16
Answer Stats
Hint Answer % Correct
Slender, pointed instrument for writing or drawing Stylus
92%
Dull brown pigment often associated with old art or photography Sepia
87%
Room in a bathhouse for therapeutic or relaxing sweating Sudatorium
83%
A structured framework or mental model; diagrammatic plan Schema
81%
Tarnish or stain; sully Smirch
81%
Figure of speech where a part represents the whole Synecdoche
71%
Prophetess; wise or mystical woman Sibyl
70%
Fatty or waxy in appearance or composition Sebaceous
60%
Person who manipualtes or exercises control over another for personal gain Svengali
58%
Relating to the internal organs; visceral Splanchnic
56%
Charactized by a formal, rigid, or uptight demeanor Starchy
56%
Occur as an additional, unexpected result Supervene
54%
A rotating forward jump in figure skating Salchow
49%
Effective conjunction of multiple elements in a coordinated manner; or, alignment of three celestial bodies Syzygy
48%
Basin or vessel for holding liquids, especially in religious ceremonies; or, a beverage vessel or flagon Stoup
44%
Delicious; appetizing in taste Sapid
41%
No matching quizzes found
Score Distribution
Percent of People with Each Score
Percentile by Number Answered
Your Score History
You have not taken this quiz